|
|
|
|
| LEADER |
00000nam0a2200000 4500 |
| 001 |
42294 |
| 005 |
20231031015217.0 |
| 010 |
|
|
|a 5820601254
|
| 035 |
|
|
|a (RuTPU)RU\TPU\book\43546
|
| 090 |
|
|
|a 42294
|
| 100 |
|
|
|a 20020828d2001 m y0rusy50 ca
|
| 101 |
0 |
|
|a rus
|
| 102 |
|
|
|a RU
|
| 105 |
|
|
|a a z 000zy
|
| 200 |
1 |
|
|a Сканеры и цифровые камеры
|f М. Е. Шарыгин
|g Под ред. О. В. Колесниченко, И. В. Шишигина
|
| 210 |
|
|
|a СПб.
|c БХВ-Петербург
|c Арлит
|d 2001
|
| 215 |
|
|
|a 384 с.
|c ил.
|
| 320 |
|
|
|a Internet-адреса дополнительных источников информации: с. 377-382.
|
| 610 |
1 |
|
|a информатика
|
| 610 |
1 |
|
|a оцифровка
|
| 610 |
1 |
|
|a сканеры
|
| 610 |
1 |
|
|a персональные компьютеры
|
| 610 |
1 |
|
|a цифровые камеры
|
| 610 |
1 |
|
|a карты захвата
|
| 610 |
1 |
|
|a цифровые камеры
|
| 610 |
1 |
|
|a сканирование
|
| 610 |
1 |
|
|a инсталляции
|
| 675 |
|
|
|a 681.327.12
|v 3
|
| 700 |
|
1 |
|a Шарыгин
|b М. Е.
|
| 702 |
|
1 |
|a Колесниченко
|b О. В.
|4 340
|
| 702 |
|
1 |
|a Шишигин
|b И. В.
|4 340
|
| 801 |
|
1 |
|a RU
|b 63413507
|c 20020828
|g PSBO
|
| 801 |
|
2 |
|a RU
|b 63413507
|c 20100514
|g PSBO
|
| 900 |
|
|
|a Периферийные устройства геоинформационных систем
|
| 942 |
|
|
|c BK
|